Wszystkie Miasta w Województwie Opolskim - Statystyki

Ogólne statystyki
  • Ten quiz został rozwiązany 86 razy
    19 od ostatniego zresetowania
  • Średni wynik to 18 z 37
Statystyki odpowiedzi
Miasto % Poprawnych
Opole
100%
Kluczbork
85%
Nysa
85%
Brzeg
77%
Kędzierzyn-Koźle
77%
Głuchołazy
69%
Ozimek
69%
Strzelce Opolskie
69%
Głubczyce
62%
Krapkowice
62%
Namysłów
62%
Olesno
62%
Prudnik
62%
Niemodlin
54%
Dobrodzień
46%
Kolonowskie
46%
Lewin Brzeski
46%
Otmuchów
46%
Paczków
46%
Praszka
46%
Zawadzkie
46%
Biała
38%
Głogówek
38%
Gogolin
38%
Kietrz
38%
Korfantów
38%
Leśnica
38%
Ujazd
38%
Wołczyn
38%
Byczyna
31%
Gorzów Śląski
31%
Grodków
31%
Strzeleczki
31%
Zdzieszowice
31%
Baborów
23%
Tułowice
23%
Prószków
15%
Nie znaleziono quizów pasujących do podanych kryteriów
Rozkład punktacji
Procent ludzi z każdym wynikiem
Percentyl według liczby udzielonych odpowiedzi
Twoja historia wyników
Nie rozwiązałeś tego quizu od ostatniego zresetowania